| 000 | 00840nam a2200253Ia 4500 | ||
|---|---|---|---|
| 003 | OSt | ||
| 005 | 20220925195622.0 | ||
| 006 | a|||||r|||| 00| 0 | ||
| 007 | ta | ||
| 008 | 220923b |||||||| |||| 00| 0 eng d | ||
| 037 | _cGeneral Book | ||
| 040 |
_aRTL _cRTL _beng |
||
| 041 |
_2eng _aeng |
||
| 082 | _aX61:1.1.N31<---M21, M4 | ||
| 100 |
_aBordo Michael D. Ed. _914877 |
||
| 245 | 0 | _aRetrospective on the classical gold standard, 1821-1931 | |
| 260 |
_aChicago _bUniversity of Chicago Press _c1984 |
||
| 300 |
_axi, 681p. _ccm. |
||
| 500 | _aNational Bureau of Economic Research, Conference Report | ||
| 650 |
_aEconomics-Money _928470 |
||
| 700 |
_a Schwartz Anna J. Ed. _9255093 |
||
| 942 |
_hX61:1.1.N31<---M21, M4 _cGB _2CC |
||
| 999 |
_c533648 _d533648 |
||